Historia del pueblo judio / (Record no. 5630)

MARC details
000 -LEADER
campo de control de longitud fija 00886nam a2200253 i 4500
001 - NÚMERO DE CONTROL
campo de control 5630
003 - IDENTIFICADOR DE NÚMERO DE CONTROL
campo de control ES-MaACL
005 - FECHA Y HORA DE LA ÚLTIMA TRANSACCIÓN
campo de control 20230906144638.0
007 - CAMPO FIJO DE DESCRIPCIÓN FÍSICA--INFORMACIÓN GENERAL
campo de control de longitud fija t|
008 - DATOS DE LONGITUD FIJA--INFORMACIÓN GENERAL
campo de control de longitud fija 890410s1988 sp ||||1|dspa d
020 ## - NÚMERO INTERNACIONAL ESTÁNDAR DEL LIBRO
Número Internacional Estándar del Libro 84-206-9598-X (O.C.)
080 ## - NÚMERO DE LA CLASIFICACIÓN DECIMAL UNIVERSAL
Número de la Clasificación Decimal Universal 9(=924)
245 00 - MENCIÓN DEL TÍTULO
Título Historia del pueblo judio /
Mención de responsabilidad, etc. A. Malamat...[et al.] ; dirigida por H.H. Ben-Sasson ; versión española de Mario Calés.
260 ## - PUBLICACIÓN, DISTRIBUCIÓN, ETC.
Lugar de publicación, distribución, etc. Madrid :
Nombre del editor, distribuidor, etc. Alianza,
Fecha de publicación, distribución, etc. 1988.
300 ## - DESCRIPCIÓN FÍSICA
Extensión 3 v. ;
Dimensiones 25 cm.
500 ## - NOTA GENERAL
Nota general Indices.
505 8# - NOTA DE CONTENIDO CON FORMATO
Nota de contenido con formato t. I. Desde los origenes hasta la Edad Media -- t. II. La Edad Media -- t. III. La Edad Moderna y Contemporanea
650 ## - PUNTO DE ACCESO ADICIONAL DE MATERIA--TÉRMINO DE MATERIA
Término de materia o nombre geográfico como elemento de entrada Judíos-
Subdivisión de forma Historia.
9 (RLIN) 13994
651 #4 - PUNTO DE ACCESO ADICIONAL DE MATERIA--NOMBRE GEOGRÁFICO
Nombre geográfico Israel-
Subdivisión general Historia.
9 (RLIN) 8858
700 1# - ENTRADA AGREGADA--NOMBRE PERSONAL
Nombre de persona Ben-Sasson, Haim Hillel.
9 (RLIN) 27411
700 1# - ENTRADA AGREGADA--NOMBRE PERSONAL
Nombre de persona Malamat, Abraham.
9 (RLIN) 161092
700 0# - ENTRADA AGREGADA--NOMBRE PERSONAL
Nombre de persona Calés, Mario.
9 (RLIN) 33664
852 ## - LOCALIZACIÓN
Ubicación ES-MaACL
Número de control de estantería L-12479-81
Sublocalización o colección R.116239
Nota libre . - tela
Holdings
Estatus retirado Estado de pérdida Estado de daño No para préstamo Biblioteca de origen Biblioteca actual Ubicación en estantería Fecha de adquisición Fuente de adquisición Total de préstamos Signatura topográfica completa Código de barras Visto por última vez Precio de reemplazo Tipo de ítem Koha
        Biblioteca del Ateneo de Madrid Biblioteca del Ateneo de Madrid Depósito 2 17/01/2008     L-12479-81 1005708 23/02/2023 23/02/2023 Libro impreso